Valorant Sentinels - Statistics

General Stats
  • This quiz has been taken 86 times
  • The average score is 5 of 5
Answer Stats
Answer % Correct
Cypher
99%
Chamber
97%
Killjoy
97%
Deadlock
96%
Sage
96%
No matching quizzes found
Score Distribution
Percent of People with Each Score
Percentile by Number Answered
Your Score History
You have not taken this quiz